000 00307nam a22001337a 4500
020 _qHB.
040 _cFIZZA ISHAQ
082 _a526.9
_bJON
100 _aOLUSEGUN,JOHN.
_990713
245 _aPRECISION SURVEYING /
_cJOHN OLUSEGUN.
260 _aWILEYSON ;
_c2016.
300 _a619 P. ;
942 _2ddc
_cBK
999 _c588923
_d588923